| 000 | 00482nam a22001577a 4500 | ||
|---|---|---|---|
| 005 | 20260415141632.0 | ||
| 008 | 260415b |||||||| |||| 00| 0 eng d | ||
| 020 | _a9780132376600 | ||
| 050 |
_aHF5635 _b.H67 |
||
| 245 |
_aManagement Accounting _cCharles T. Horngren etal., |
||
| 250 |
_a2nd ed. _bCanadian edition |
||
| 260 |
_aScarborough, Ontario _bPrentice Hall Canada _c1996 |
||
| 300 |
_axxii. 809p. _bill. some color _c26cm |
||
| 700 | _aHorngren, Charles T. | ||
| 942 |
_2lcc _cBK _n0 |
||
| 999 |
_c9218 _d9218 |
||